| 000 | 00656nam a2200205Ii 4500 | ||
|---|---|---|---|
| 003 | JO-AjNU | ||
| 008 | 230606s9999||||xx |||||||||||||| ||und|| | ||
| 040 |
_aJO-AjNU _beng _erda _cJO-AjNU |
||
| 041 | _aeng | ||
| 050 | 1 | 4 | _aQA76.6 .B25 1988 |
| 100 | 3 |
_aBaase,sara, _eauthor _93727 |
|
| 245 | 0 | 0 | _a Computer algorithms : introduction to design and analysis |
| 264 | 3 | 1 | _aJohn WILEY:NEW YOK.1999 |
| 300 |
_a684p _b Includes index. |
||
| 336 |
_atext _btxt _2rdacontent |
||
| 337 |
_aunmediated _bn _2rdamedia |
||
| 338 |
_avolume _bnc _2rdacarrier |
||
| 490 | 0 | _a Addison- Wesley series in computer science | |
| 650 | 4 |
_a Computer programming. _93728 |
|
| 999 |
_aE1946 _c1946 _d1946 |
||